000 01472cam a2200337 a 4500
999 _c25167
_d25167
001 13400000
005 20170131091102.0
008 031110s2003 nyua b 001 0 eng
010 _a 2003279577
020 _a0743249275
040 _aDLC
_cDLC
_dDLC
050 0 0 _aHD58.9
_b.W66 2003
100 1 _aWomack, James P.
245 1 0 _aLean thinking :
_bbanish waste and create wealth in your corporation /
_cJames P. Womack and Daniel T. Jones.
250 _a1st Free Press ed., rev. and updated.
260 _aNew York :
_bFree Press,
_cc2003.
300 _a396 p. :
_bill. ;
_c25 cm.
504 _aIncludes bibliographical references (p. [355]-375) and index.
650 0 _aOrganizational effectiveness.
650 0 _aIndustrial efficiency.
650 0 _aValue added.
650 0 _aLean manufacturing.
700 1 _aJones, Daniel T.
856 4 2 _3Contributor biographical information
_uhttp://www.loc.gov/catdir/bios/simon053/2003279577.html
856 4 1 _3Table of contents only
_uhttp://www.loc.gov/catdir/toc/fy042/2003279577.html
856 4 2 _3Publisher description
_uhttp://www.loc.gov/catdir/description/simon041/2003279577.html
856 4 1 _3Sample text
_uhttp://www.loc.gov/catdir/enhancements/fy0641/2003279577-s.html
942 _2lcc
_cBOOKS
_hHD58.9 .W66 2003